000 00845nam a22002777a 4500
005 20260130172921.0
008 260130b2024 |||||||| |||| 00| 0 spa d
020 _a9788436849035
041 _aESP
082 _a001.42 M722m
100 _aMolina Azorín, José Francisco
100 _aFábregues Feijóo, Sergi
100 _aEscalante Barrios, Elsa Lucía
245 _aMétodos mixtos de investigación integrando métodos cuantitativos y cualitativos
260 _aEspaña
260 _bEdiciones Pirámide
260 _c2024
300 _a211
490 _aTemática General
650 _aMETODOLOGÍA DE LA INVESTIGACIÓN
650 _aINVESTIGACIÓN CUANTITATIVA
650 _aINVESTIGACIÓN CUALITATIVA
650 _aPARADIGMAS EN INVESTIGACIÓN SOCIAL
650 _aPREGUNTAS DE INVESTIGACIÓN
942 _2ddc
_cBK
999 _c13888
_d13888